| 000 | 00805nam a2200181 i 4500 | ||
|---|---|---|---|
| 001 | 161413 | ||
| 003 | ES-MaACL | ||
| 005 | 20230906212259.0 | ||
| 008 | 990317s1869 sp |||| | spa d | ||
| 080 | _a336.722 | ||
| 100 | 1 |
_aPardo Pimentel, Nicolás. _9130833 |
|
| 245 | 1 | 4 |
_aLas cajas de ahorros : _bdatos y observaciones sobre la de París y la de Madrid : influencia de estos establecimientos de crédito en la suerte de las clases trabajadoras / _cpor Nicolás Pardo Pimentel. |
| 260 |
_aMadrid : _b[s.n.], _c1869 ( _fImp. del Col. Nacional de Sordo-Mudos y de Ciegos) |
||
| 300 |
_a38 p. ; _c19 cm. |
||
| 650 | 4 |
_aCajas de ahorros. _9135704 |
|
| 852 | 4 |
_aES-MaACL _jT-106-F-1 _z- Enc. hol., falto de cub. original _z- Enc. en un vol. facticio |
|
| 852 | 4 |
_aES-MaACL _jG-8986 _z- Enc. cart. |
|
| 999 |
_c161413 _d161413 |
||